000
00246 a2200121 4500
003
Nust
005
20170207154221.0
040
_c
Nust
082
_a
371.33
245
_a
Battle (CD-33)
440
_a
Battle (CD-33)
538
_a
Duration Mins 21
650
_a
CD No 375
_c
CD-33
999
_c
195310
_d
195310